Rat et souris - Culture générale - Statistiques

Statistiques générales
  • Ce quiz a été pris 175 fois
  • Le résultat moyen est 12 sur 15
Statistiques - réponses
Question Réponse % Correct
Que remplace la petite souris par de l'argent Dent
98%
Film dans lequel un rat deviens un grand chef cuisinier Ratatouille
98%
Pays dans lequel le rat est un signe du zodiaque Chine
97%
Lieu ou le rat est souvent utilisé pour faire des essais Laboratoire
97%
Dessin animé mettant en scène un chat et une souris Tom et Jerry
92%
Quand le chat n'est pas la ... Les souris dansent
89%
Souris de l'univers Disney Mickey Mouse
89%
Comptine pour enfant parlant d'une de couleur Une souris verte
87%
Quelle maladie mortelle était transmise par le rat La peste
86%
Lieu sale auquel est souvent associé le rat Égout
82%
Le rat et la souris sont des Rongeurs
81%
A quelle trait de caractère est associé le rat Avarice
72%
Piège a souris sur lequel on place souvent un morceau de fromage Tapette
66%
Fable de la fontaine qui prouve que l'on a besoin de plus petit que soi Le lion et le rat
55%
Film dans lequel une souris doté de la parole est adopté pour tenir compagnie à un enfant Stuart Little
47%
Aucun quiz correspondant
Distribution des résultats
% des personnes avec chaque résultat
Percentile par nombre de réponses
Votre historique - résultats
Vous n’avez pas pris ce quiz